| 000 | 00975nam0a2200289 i 4500 | ||
|---|---|---|---|
| 001 | RU\NLR\bibl\2053320 | ||
| 005 | 20260406065716.0 | ||
| 010 |
_a9785699649396 _93000 |
||
| 021 |
_aRU _b2013-47444 _9318д/13 |
||
| 035 | _a(NLR Aleph) 002040301 | ||
| 090 |
_a4592801 _c4592801 |
||
| 100 | _a20130712d2013 u y0rusy50 ca | ||
| 101 | 1 |
_arus _cswe |
|
| 102 | _aRU | ||
| 105 | _ay ||||||||| | ||
| 200 | 1 |
_aТеррористы _e[роман] _fПер Вале, Май Шеваль _g[пер. с швед. Л. Ждановой] |
|
| 210 |
_aМосква _cЭксмо _d2013 |
||
| 215 |
_a477, [1] с. _d17 |
||
| 225 | 1 | _aMisterium | |
| 686 | _aШ6(4Шв)67-446{Лх1489-60} | ||
| 700 | 1 |
_4070 _8rus _7ca _aВалё _bП. _f1926-1975 _gПер _3RU\NLR\auth\7715169 _9124827 |
|
| 701 | 1 |
_4070 _8rus _7ca _aШёваль _bМ. _f1935- _gМай _3RU\NLR\auth\7715167 _9124825 |
|
| 801 | 0 |
_aRU _bNLR _c20130712 _gRCR |
|
| 801 | 1 |
_aRU _bNLR _c20130712 |
|
| 942 | _cBOOK | ||
| 980 | _aNBR | ||